| 000 | 00386nam a2200157Ia 4500 | ||
|---|---|---|---|
| 008 | 230312s9999||||xx |||||||||||||| ||und|| | ||
| 020 | _a1-56367-907-0 | ||
| 082 |
_a747 _bNUS-I |
||
| 100 | _aNussbaumer;Linda.L | ||
| 245 | 0 | _aInterior Design Intern | |
| 260 |
_bFairchild Books _aUSA _c2011 |
||
| 300 | _a236 | ||
| 546 | _aEng. | ||
| 650 |
_aArchitecture _vInterior Design |
||
| 942 | _cBK | ||
| 999 |
_c8223 _d8223 |
||